| 000 | 00956nam a2200253Ia 4500 | ||
|---|---|---|---|
| 005 | 20170802110309.0 | ||
| 010 | _aBAC-CH25 | ||
| 020 |
_a9788129119773 _c95.00 |
||
| 020 |
_a9788129119773 _c176.00 (AV) |
||
| 035 | _aG-002927 | ||
| 035 | _aB-550746-781 | ||
| 035 | _aB-667171 | ||
| 037 |
_bAakar/Ven _adpl |
||
| 082 | _a000 | ||
| 100 | _aO'Brien, Derek | ||
| 245 |
_aBournvita quiz contest quiz book/ _cBy Derek O'Brien |
||
| 260 |
_aNew Delhi _bRupa Publications _c2012 |
||
| 270 |
_a7/16, Ansari Road, Daryaganj _bNew Delhi _e110002 |
||
| 300 |
_a126p. _c19cm(pbk) |
||
| 942 |
_cCH _2ddc _mOBR _h000 |
||
| 999 |
_c85586 _d85586 |
||